[Event "Berlin Lichtenberger op 13th"]
[Site "Berlin"]
[Date "2014.08.19"]
[Round "4"]
[White "Lange, Cecilia"]
[Black "Huebner, Alan Ari"]
[Result "0-1"]
[WhiteElo "1553"]
[BlackElo "1785"]
[PlyCount "92"]
[EventDate "2014.08.16"]
[EventType "swiss"]
[EventRounds "9"]
[EventCountry "GER"]
[SourceTitle "CBM 161 Extra"]
[Source "ChessBase"]
[SourceDate "2014.08.29"]
[SourceVersion "1"]
[SourceVersionDate "2014.08.29"]
[SourceQuality "1"]

1. e4 c5 2. Nf3 d6 3. d4 cxd4 4. Nxd4 Nf6 5. Nc3 a6 6. Bc4 e6 7. Bb3 Be7 8. f4 Qc7 9. Be3 b5 10. a3 Bb7 11. Qd3 Nbd7 12. Nf3 0-0 13. 0-0 Nc5 14. Bxc5 dxc5 15. Qe2 b4 16. axb4 cxb4 17. e5 bxc3 18. exf6 Bxf6 19. bxc3 Bxc3 20. Ra4 a5 21. Rc4 Qb6+ 22. Kh1 Ba6 23. Qe4 Bxc4 24. Qxc4 Rfc8 25. Qa4 Qc6 26. Qxc6 Rxc6 27. Rd1 Bf6 28. f5 exf5 29. Rd7 Rf8 30. Ra7 Rc5 31. Kg1 g5 32. Kf1 h6 33. Nd2 Bc3 34. Nc4 Rd5 35. Ne3 Re5 36. Nc4 Re1+ 37. Kf2 Rfe8 38. Rd7 R8e7 39. Rd5 Ra1 40. Nb6 g4 41. g3 Be1+ 42. Kf1 Bxg3+ 43. Kg2 Bc7 44. Rd2 Bxb6 45. h3 Rg1+ 46. Kh2 g3# 0-1

[Event "Berlin Lichtenberger op 13th"]
[Site "Berlin"]
[Date "2014.08.16"]
[Round "1"]
[White "Tonndorf, Matthias"]
[Black "Huebner, Alan Ari"]
[Result "1-0"]
[WhiteElo "2263"]
[BlackElo "1785"]
[PlyCount "75"]
[EventDate "2014.08.16"]
[EventType "swiss"]
[EventRounds "9"]
[EventCountry "GER"]
[SourceTitle "CBM 161 Extra"]
[Source "ChessBase"]
[SourceDate "2014.08.29"]
[SourceVersion "1"]
[SourceVersionDate "2014.08.29"]
[SourceQuality "1"]

1. e4 c5 2. Nf3 d6 3. d4 cxd4 4. Nxd4 Nf6 5. Nc3 a6 6. f4 e6 7. Qf3 Be7 8. Be3 Qc7 9. g4 0-0 10. g5 Nfd7 11. 0-0-0 Nc6 12. h4 b5 13. Bd3 Nc5 14. Kb1 Bd7 15. f5 Nxd3 16. cxd3 Ne5 17. Qg3 exf5 18. Nd5 Qd8 19. Nxf5 Bxf5 20. exf5 f6 21. Nf4 Qd7 22. Ne6 Rf7 23. d4 Nc4 24. d5 Ne5 25. g6 hxg6 26. fxg6 Rff8 27. Nxf8 Kxf8 28. h5 Ke8 29. Bd4 Bf8 30. Bxe5 dxe5 31. Ka1 Rc8 32. Rhg1 Rc7 33. d6 Rb7 34. Qb3 a5 35. Qg8 Qh3 36. h6 Qxh6 37. d7+ Rxd7 38. Qe6+ 1-0

[Event "GER-chT U14"]
[Site "Magdeburg"]
[Date "2012.12.27"]
[Round "2.3"]
[White "Huebner, Alan Ari"]
[Black "Reiche, Niccolo"]
[Result "0-1"]
[WhiteElo "1795"]
[BlackElo "1671"]
[PlyCount "140"]
[EventDate "2012.12.27"]
[EventType "team-swiss"]
[EventRounds "7"]
[EventCountry "GER"]
[SourceTitle "EXT 2014"]
[Source "ChessBase"]
[SourceDate "2013.11.20"]
[SourceVersion "1"]
[SourceVersionDate "2013.11.20"]
[SourceQuality "1"]
[WhiteTeam "Berlin Makkabi"]
[BlackTeam "Dresden TU"]
[WhiteTeamCountry "GER"]
[BlackTeamCountry "GER"]

1. d4 d5 2. c4 dxc4 3. Nf3 Nf6 4. e3 Nc6 5. Bxc4 e6 6. Nc3 Bb4 7. 0-0 0-0 8. a3 Bxc3 9. bxc3 Bd7 10. Rb1 Rb8 11. Qe2 Nd5 12. Qc2 Nce7 13. Bd3 Ng6 14. c4 Nb6 15. e4 c5 16. d5 exd5 17. exd5 Bg4 18. Ng5 h6 19. Nxf7 Rxf7 20. Bxg6 Rf8 21. Rb3 Qf6 22. Bb2 Bf5 23. Bxf5 Qxf5 24. Qxf5 Rxf5 25. Rc1 Rbf8 26. f3 Rf4 27. Rbc3 Re8 28. Kf2 Rd4 29. R3c2 Rd3 30. Re2 Rxe2+ 31. Kxe2 Rb3 32. Rc2 Nxc4 33. Rxc4 Rxb2+ 34. Kf1 b6 35. Re4 Rd2 36. Re5 c4 37. Ke1 c3 38. Re3 Rxd5 39. Rxc3 Rd7 40. Ke2 Kf7 41. Re3 Re7 42. Rxe7+ Kxe7 43. Ke3 Kd6 44. Kd4 b5 45. h4 a5 46. g4 b4 47. axb4 axb4 48. f4 b3 49. Kc3 Kd5 50. g5 h5 51. f5 Ke5 52. f6 gxf6 53. g6 Ke6 54. Kxb3 f5 55. g7 Kf7 56. g8Q+ Kxg8 57. Kc4 Kf7 58. Kd5 Kf6 59. Kd4 Ke6 60. Kd3 Ke5 61. Ke3 f4+ 62. Kf2 Ke4 63. Ke2 f3+ 64. Kf2 Kf4 65. Kf1 Kg3 66. Kg1 Kxh4 67. Kf2 Kg4 68. Kf1 Kg3 69. Kg1 f2+ 70. Kf1 h4 0-1

[Event "GER-chT North U14"]
[Site "Magdeburg"]
[Date "2012.09.07"]
[Round "3.3"]
[White "Rieper, Julian"]
[Black "Huebner, Alan Ari"]
[Result "0-1"]
[WhiteElo "1525"]
[BlackElo "1838"]
[PlyCount "124"]
[EventDate "2012.09.06"]
[EventType "team-swiss"]
[EventRounds "7"]
[EventCountry "GER"]
[SourceTitle "EXT 2015"]
[Source "ChessBase"]
[SourceDate "2014.11.20"]
[SourceVersion "1"]
[SourceVersionDate "2014.11.20"]
[SourceQuality "1"]
[WhiteTeam "Kiel Doppelbauer"]
[BlackTeam "Berlin Makkabi"]
[WhiteTeamCountry "GER"]
[BlackTeamCountry "GER"]

1. e4 c5 2. Nf3 d6 3. d4 cxd4 4. Nxd4 Nf6 5. Nc3 a6 6. Be2 e5 7. Nb3 Be6 8. Be3 Nbd7 9. g4 h6 10. h4 b5 11. g5 hxg5 12. Bxg5 Be7 13. Rg1 Kf8 14. Qd2 Nb6 15. Na5 Qd7 16. 0-0-0 Rd8 17. Qe3 Qc7 18. h5 b4 19. h6 g6 20. Bxf6 Bxf6 21. Nd5 Nxd5 22. exd5 Bf5 23. Nc4 Rc8 24. Qd2 a5 25. Bd3 Bxd3 26. cxd3 Qc5 27. Kb1 Re8 28. Ne3 e4 29. d4 Qb5 30. Qc2 a4 31. Qc6 Qxc6 32. dxc6 Rc8 33. d5 Bh4 34. Ng4 f5 35. Rh1 Bg5 36. Ne3 Rxh6 37. Nc4 Ke7 38. Rxh6 Bxh6 39. Nb6 Rc7 40. Rh1 Bg7 41. Rh7 Kf7 42. Nxa4 Kg8 43. Rh1 Bd4 44. Rg1 Kg7 45. Rg2 Kf6 46. Kc2 Ke5 47. Kb3 Kxd5 48. Kxb4 Rxc6 49. Rxg6 Bxf2 50. Nc3+ Ke5 51. a4 Be1 52. Kb5 Rc5+ 53. Kb6 Bxc3 54. bxc3 Rxc3 55. a5 e3 56. Rg7 Kd4 57. a6 e2 58. Re7 Kd3 59. a7 Ra3 60. Re6 d5 61. Re5 d4 62. Rxf5 Rxa7 0-1

[Event "Berlin Lichtenberger op 11th"]
[Site "Berlin"]
[Date "2012.08.24"]
[Round "7"]
[White "Kollars, Dmitrij"]
[Black "Huebner, Alan Ari"]
[Result "1-0"]
[WhiteElo "1996"]
[BlackElo "1728"]
[PlyCount "73"]
[EventDate "2012.08.18"]
[EventType "swiss"]
[EventRounds "9"]
[EventCountry "GER"]
[SourceTitle "CBM 150 Extra"]
[Source "ChessBase"]
[SourceDate "2012.10.19"]
[SourceVersion "1"]
[SourceVersionDate "2012.10.19"]
[SourceQuality "1"]

1. e4 e5 2. Nf3 Nc6 3. d4 exd4 4. Nxd4 Nf6 5. Nxc6 bxc6 6. Nd2 d5 7. exd5 cxd5 8. Bb5+ Bd7 9. Bxd7+ Qxd7 10. 0-0 Be7 11. b3 0-0 12. Bb2 c6 13. Re1 Rfe8 14. Nf3 Rad8 15. Qd3 h6 16. Rad1 Ne4 17. Rxe4 dxe4 18. Qxd7 Rxd7 19. Rxd7 exf3 20. gxf3 Bc5 21. Kf1 f6 22. Bd4 Bxd4 23. Rxd4 Kf7 24. Rd7+ Re7 25. Rxe7+ Kxe7 26. Ke2 Kd6 27. Kd3 Kd5 28. c4+ Ke5 29. b4 Kd6 30. a4 a6 31. Kd4 h5 32. f4 g5 33. fxg5 fxg5 34. b5 axb5 35. cxb5 cxb5 36. axb5 g4 37. Ke4 1-0

[Event "Berlin Lichtenberger op 11th"]
[Site "Berlin"]
[Date "2012.08.22"]
[Round "5"]
[White "Huebner, Alan Ari"]
[Black "Zelanti, Markus"]
[Result "1-0"]
[WhiteElo "1728"]
[BlackElo "1487"]
[PlyCount "105"]
[EventDate "2012.08.18"]
[EventType "swiss"]
[EventRounds "9"]
[EventCountry "GER"]
[SourceTitle "CBM 150 Extra"]
[Source "ChessBase"]
[SourceDate "2012.10.19"]
[SourceVersion "1"]
[SourceVersionDate "2012.10.19"]
[SourceQuality "1"]

1. d4 f5 2. c4 Nf6 3. Nc3 g6 4. g3 Bg7 5. Bg2 d6 6. Nf3 0-0 7. 0-0 Nbd7 8. Ng5 Nb6 9. c5 dxc5 10. dxc5 Qxd1 11. Rxd1 Nc4 12. Nd5 c6 13. Nxe7+ Kh8 14. Nxc8 Raxc8 15. Ne6 Rf7 16. Nxg7 Kxg7 17. b3 Ne5 18. Bb2 Re8 19. e3 h5 20. Rd6 Ne4 21. Bxe4 fxe4 22. Rad1 Kh6 23. Bxe5 Rxe5 24. b4 Kg5 25. h4+ Kh6 26. Rd7 Ree7 27. Rxe7 Rxe7 28. Kg2 Rf7 29. Rd6 Re7 30. f4 exf3+ 31. Kxf3 Rf7+ 32. Ke2 Re7 33. Rd4 Kg7 34. e4 Kf6 35. Ke3 Ke5 36. Rd6 Rg7 37. Rd8 Ke6 38. Kd4 g5 39. Rd6+ Ke7 40. Rh6 gxh4 41. gxh4 Rg2 42. Rxh5 Rxa2 43. Rh7+ Kf6 44. Rxb7 Kg6 45. Rc7 Ra6 46. e5 Ra1 47. Rxc6+ Kf5 48. Rf6+ Kg4 49. e6 Rd1+ 50. Ke5 Rd8 51. e7 Re8 52. Ke6 Rc8 53. Kd7 1-0

[Event "GER-chT Nord-Ost U20 U20 1112"]
[Site "Germany"]
[Date "2012.02.18"]
[Round "6.4"]
[White "Huebner, Alan Ari"]
[Black "Schiefke, Kevin"]
[Result "1-0"]
[WhiteElo "1677"]
[BlackElo "1609"]
[PlyCount "69"]
[EventDate "2011.09.24"]
[EventType "team-tourn"]
[EventRounds "9"]
[EventCountry "GER"]
[SourceTitle "EXT 2015"]
[Source "ChessBase"]
[SourceDate "2014.11.20"]
[SourceVersion "1"]
[SourceVersionDate "2014.11.20"]
[SourceQuality "1"]

1. d4 d5 2. c4 dxc4 3. Nf3 Nf6 4. e3 Nc6 5. Bxc4 a6 6. h3 Bf5 7. Qb3 e6 8. Bd2 b5 9. Bd3 Bxd3 10. Qxd3 Bd6 11. Qc2 Nb4 12. Bxb4 Bxb4+ 13. Nbd2 0-0 14. a3 Bxd2+ 15. Nxd2 Qd6 16. 0-0 Rac8 17. b4 Rfd8 18. Nb3 Nd7 19. Rfd1 Qe7 20. Na5 Nb8 21. Rac1 Rd6 22. Qc5 Qd7 23. Qc2 c6 24. Nb3 Qc7 25. e4 Rd7 26. Qb2 Rcd8 27. Rd2 Qf4 28. g3 Qg5 29. Nc5 Rxd4 30. Rxd4 Rxd4 31. Qxd4 Qxc1+ 32. Kg2 Qg5 33. Qd6 h6 34. Qxb8+ Kh7 35. Qb7 1-0

[Event "GER-chT U12"]
[Site "Arendsee"]
[Date "2011.12.28"]
[Round "4.4"]
[White "Altemueller, Jakob"]
[Black "Huebner, Alan Ari"]
[Result "0-1"]
[WhiteElo "1481"]
[BlackElo "1677"]
[PlyCount "142"]
[EventDate "2011.12.27"]
[EventType "team-swiss"]
[EventRounds "7"]
[EventCountry "GER"]
[SourceTitle "EXT 2022"]
[Source "ChessBase"]
[SourceDate "2021.10.06"]
[SourceVersion "1"]
[SourceVersionDate "2021.10.06"]
[SourceQuality "1"]
[WhiteTeam "Luebeck SV U12"]
[BlackTeam "Berlin TuS Makkabi U12"]
[WhiteTeamCountry "GER"]
[BlackTeamCountry "GER"]

1. e4 c5 2. Nf3 d6 3. d4 cxd4 4. Nxd4 Nf6 5. Nc3 a6 6. Bc4 e6 7. 0-0 Be7 8. Be3 b5 9. Bb3 b4 10. Na4 0-0 11. Nf3 Nbd7 12. Qd3 Bb7 13. Nd2 Rc8 14. f3 d5 15. exd5 Nxd5 16. Bf2 Nc5 17. Nxc5 Bxc5 18. Bxc5 Rxc5 19. Ne4 Rc7 20. Rad1 Qd7 21. Rd2 Nb6 22. Qxd7 Rxd7 23. Rxd7 Nxd7 24. Ng5 Nc5 25. Bc4 h6 26. Nh3 Rd8 27. b3 Rd2 28. Rf2 Rd4 29. Rf1 Kf8 30. Rf2 e5 31. g3 f6 32. Kg2 g5 33. Ng1 Kg7 34. Be2 Rd2 35. Bd3 Rd1 36. Rf1 Rxf1 37. Bxf1 e4 38. g4 exf3+ 39. Nxf3 Be4 40. Kg3 Bxc2 41. Nd4 Bb1 42. Nc6 Bxa2 43. Nxb4 Bxb3 44. Nxa6 Ne4+ 45. Kh3 Bd1 46. Nb4 Nf2+ 47. Kg3 Nxg4 48. Nd5 Ne5 49. Ne3 Bb3 50. Bg2 Be6 51. Be4 Ng6 52. Bd3 Ne7 53. Bc2 f5 54. Ng2 Kf6 55. Bb1 Nd5 56. Bd3 f4+ 57. Kf2 Bf5 58. Be2 Ke5 59. Ne1 g4 60. Bf1 h5 61. Ng2 Be4 62. Ne1 Nc3 63. Kg1 Nd1 64. Be2 Nc3 65. Bf1 f3 66. Kf2 Kf4 67. Kg1 Nd1 68. Kh1 f2+ 69. Ng2+ Kg5 70. Be2 Ne3 71. Bf1 Nxg2 0-1

[Event "GER-chT U12"]
[Site "Arendsee"]
[Date "2011.12.27"]
[Round "2.4"]
[White "Tschammer, Kai"]
[Black "Huebner, Alan Ari"]
[Result "0-1"]
[WhiteElo "946"]
[BlackElo "1677"]
[PlyCount "46"]
[EventDate "2011.12.27"]
[EventType "team-swiss"]
[EventRounds "7"]
[EventCountry "GER"]
[SourceTitle "EXT 2022"]
[Source "ChessBase"]
[SourceDate "2021.10.06"]
[SourceVersion "1"]
[SourceVersionDate "2021.10.06"]
[SourceQuality "1"]
[WhiteTeam "Erlangen SC U12"]
[BlackTeam "Berlin TuS Makkabi U12"]
[WhiteTeamCountry "GER"]
[BlackTeamCountry "GER"]

1. e4 c5 2. Nc3 g6 3. Bc4 Bg7 4. Nf3 Nc6 5. 0-0 e6 6. d3 Nge7 7. Bg5 0-0 8. Bxe7 Nxe7 9. Bb3 d5 10. exd5 Nxd5 11. Qd2 b6 12. Rab1 Bb7 13. Ne4 Qc7 14. Ng3 b5 15. c4 bxc4 16. dxc4 Nb4 17. Qe2 Rad8 18. a3 Nd3 19. Ne1 Nf4 20. Qc2 Bd4 21. Ne4 Qc6 22. g3 Qxe4 23. gxf4 Qh1# 0-1

[Event "GER-chA U25"]
[Site "Oberhof"]
[Date "2011.06.15"]
[Round "6"]
[White "Huebner, Alan Ari"]
[Black "Bruehan, Caren"]
[Result "1-0"]
[WhiteElo "1625"]
[BlackElo "1637"]
[PlyCount "161"]
[EventDate "2011.06.11"]
[EventType "swiss"]
[EventRounds "9"]
[EventCountry "GER"]
[SourceTitle "CBM 142 Extra"]
[Source "ChessBase"]
[SourceDate "2011.06.27"]
[SourceVersion "1"]
[SourceVersionDate "2011.06.27"]
[SourceQuality "1"]

1. d4 d5 2. c4 e6 3. Nc3 Nf6 4. cxd5 Nxd5 5. e4 Nb6 6. Nf3 Be7 7. Bd3 N8d7 8. Be3 Nf6 9. a3 Bd7 10. Rc1 Bc6 11. b4 a6 12. Ne5 Bd7 13. Nxd7 Qxd7 14. Bf4 Rc8 15. Ne2 0-0 16. 0-0 Rfd8 17. Rc3 Nh5 18. Be3 Nf6 19. Qb3 Ng4 20. Bf4 Bd6 21. e5 Be7 22. h3 Nh6 23. Bxh6 gxh6 24. Be4 Kh8 25. Bxb7 Rb8 26. Bxa6 Nd5 27. Rf3 Bg5 28. Qd3 Rg8 29. Qe4 Rg7 30. Bd3 Rbg8 31. Rg3 Qd8 32. f4 Bh4 33. Rxg7 Rxg7 34. f5 exf5 35. Rxf5 Bg5 36. Bc4 Ne3 37. Rxf7 Nxc4 38. Rxg7 Kxg7 39. Nf4 Qe7 40. Nh5+ Kh8 41. a4 Be3+ 42. Kh2 Qg5 43. g4 Bf2 44. e6 Nd6 45. e7 Ne8 46. a5 Bh4 47. a6 Qd2+ 48. Qg2 Qxd4 49. Qa2 Qe5+ 50. Kh1 Qe4+ 51. Kg1 Qe3+ 52. Kg2 Qe4+ 53. Kh2 Qe5+ 54. Kh1 Qe4+ 55. Qg2 Qe1+ 56. Kh2 Qe3 57. Qb2+ Kg8 58. Qa2+ Kh8 59. Qf7 Qe5+ 60. Nf4 Qb2+ 61. Ng2 Qe5+ 62. Kg1 Qd4+ 63. Kh2 Qe5+ 64. Kg1 Qd4+ 65. Kh1 Qd1+ 66. Kh2 Qd6+ 67. Qf4 Bxe7 68. a7 Qa6 69. Qe5+ Nf6 70. Qxe7 Qxa7 71. Qxf6+ Kg8 72. Qe6+ Kg7 73. Qe7+ Kg8 74. Qe6+ Kg7 75. Qe5+ Kg8 76. Qc5 Qb7 77. Nf4 c6 78. Qc4+ Kg7 79. Ne6+ Kg6 80. Qe4+ Kf6 81. Qf5+ 1-0

[Event "Berlin Lichtenberger op 9th"]
[Site "Berlin"]
[Date "2010.08.15"]
[Round "9"]
[White "Mehringer, Joerg"]
[Black "Huebner, Alan Ari"]
[Result "1-0"]
[WhiteElo "1894"]
[BlackElo "1558"]
[PlyCount "109"]
[EventDate "2010.08.07"]
[EventType "swiss"]
[EventRounds "9"]
[EventCountry "GER"]
[SourceTitle "CBM 137 Extra"]
[Source "ChessBase"]
[SourceDate "2010.09.01"]
[SourceVersion "1"]
[SourceVersionDate "2010.09.01"]
[SourceQuality "1"]

1. e4 c5 2. d4 cxd4 3. c3 g6 4. Nf3 Bg7 5. Bc4 e6 6. Nxd4 a6 7. 0-0 Ne7 8. Bg5 0-0 9. Qe2 Nbc6 10. Nxc6 bxc6 11. Nd2 Bb7 12. Nb3 Re8 13. Rad1 d5 14. Nc5 Qb6 15. Nxb7 Qxb7 16. Bb3 h6 17. Be3 Rad8 18. Qc2 Nc8 19. Bc5 Nd6 20. f3 Qb5 21. Qf2 Nc4 22. Bxc4 Qxc4 23. Be3 Rb8 24. a3 Qb3 25. Bc1 Qb6 26. Rfe1 Qxf2+ 27. Kxf2 Rbd8 28. e5 Re7 29. Rd4 Rb7 30. Ra4 Ra8 31. f4 Kf8 32. Re2 Ke7 33. g4 f6 34. exf6+ Bxf6 35. f5 e5 36. fxg6 Bg7 37. h4 Kd6 38. Kg3 Rbb8 39. h5 Rf8 40. g5 hxg5 41. Bxg5 Rh8 42. Kg4 e4 43. Rh2 Bh6 44. Bxh6 Rxh6 45. Kg5 Rhh8 46. h6 e3 47. Re2 Rae8 48. h7 Rhf8 49. Rf4 Re5+ 50. Kg4 Rxf4+ 51. Kxf4 Re4+ 52. Kg5 Re5+ 53. Kh6 Re4 54. h8Q Rh4+ 55. Kg7 1-0

[Event "Berlin Lichtenberger op 9th"]
[Site "Berlin"]
[Date "2010.08.14"]
[Round "8"]
[White "Huebner, Alan Ari"]
[Black "Lieder, Guenter"]
[Result "1/2-1/2"]
[WhiteElo "1558"]
[BlackElo "1868"]
[PlyCount "129"]
[EventDate "2010.08.07"]
[EventType "swiss"]
[EventRounds "9"]
[EventCountry "GER"]
[SourceTitle "CBM 137 Extra"]
[Source "ChessBase"]
[SourceDate "2010.09.01"]
[SourceVersion "1"]
[SourceVersionDate "2010.09.01"]
[SourceQuality "1"]

1. d4 d5 2. c4 e6 3. Nc3 Nf6 4. cxd5 exd5 5. Bg5 c6 6. e3 Be7 7. Bd3 Bg4 8. Qc2 Nbd7 9. Nge2 Bh5 10. h3 Qc7 11. 0-0-0 0-0-0 12. g4 Bg6 13. Bxg6 hxg6 14. Ng3 Bd6 15. f4 Rde8 16. Qf2 Nb6 17. b3 Nbd7 18. Kb2 Qa5 19. Nge2 Bb4 20. f5 Ne4 21. Nxe4 Rxe4 22. fxg6 f6 23. Bf4 Nf8 24. Ng3 Ba3+ 25. Kb1 Re8 26. Nf5 Nxg6 27. Bd6 Rhg8 28. Bxa3 Qxa3 29. Qb2 Qxb2+ 30. Kxb2 Kd7 31. Kc3 Ne7 32. Nxe7 Kxe7 33. Kd3 Kf7 34. b4 Re6 35. a4 Ra8 36. Rb1 b6 37. Rh2 Rc8 38. Rc2 Re7 39. Rf1 Rec7 40. Rf5 Ke6 41. e4 dxe4+ 42. Kxe4 Kd6 43. Rc1 Re8+ 44. Kd3 Rce7 45. Rf3 Re1 46. Rxe1 Rxe1 47. Kc4 Ra1 48. Kb3 Kd5 49. Rc3 Rd1 50. Re3 Kxd4 51. Re7 Rd3+ 52. Kb2 Rxh3 53. Rxg7 Kc4 54. Rxa7 Kxb4 55. Ra6 Rh2+ 56. Kc1 Kc5 57. Kb1 Rg2 58. a5 bxa5 59. Rxa5+ Kb4 60. Rf5 Rxg4 61. Rxf6 c5 62. Rf3 Rg2 63. Kc1 c4 64. Rh3 c3 65. Rh8 1/2-1/2

[Event "Berlin Lichtenberger op 9th"]
[Site "Berlin"]
[Date "2010.08.10"]
[Round "4"]
[White "Huebner, Alan Ari"]
[Black "Albinus, Guenter"]
[Result "0-1"]
[WhiteElo "1558"]
[BlackElo "1847"]
[PlyCount "98"]
[EventDate "2010.08.07"]
[EventType "swiss"]
[EventRounds "9"]
[EventCountry "GER"]
[SourceTitle "CBM 137 Extra"]
[Source "ChessBase"]
[SourceDate "2010.09.01"]
[SourceVersion "1"]
[SourceVersionDate "2010.09.01"]
[SourceQuality "1"]

1. d4 Nf6 2. c4 e6 3. Nc3 d5 4. cxd5 exd5 5. Bg5 Be7 6. e3 c6 7. Bd3 Nbd7 8. Nge2 Nf8 9. Qc2 Ng6 10. 0-0-0 Ng4 11. Bxe7 Qxe7 12. Ng3 Be6 13. h3 Nf6 14. Nf5 Qf8 15. g4 0-0-0 16. f3 Kb8 17. h4 Ne7 18. g5 Nxf5 19. Bxf5 Bxf5 20. Qxf5 Ne8 21. Rhe1 Nc7 22. Qf4 Kc8 23. e4 h6 24. e5 Qe7 25. Qg4+ Qe6 26. Rg1 Qxg4 27. Rxg4 Ne6 28. g6 Rhf8 29. Ne2 Rd7 30. h5 fxg6 31. Rxg6 Re7 32. Rg3 Ref7 33. Rd3 Rf5 34. Rg6 Kd7 35. Rb3 b6 36. Ra3 a5 37. Rc3 Rc8 38. Ng3 Rf7 39. Ne2 Re8 40. Kd2 Rf5 41. Ng3 Rf7 42. Ne2 Ree7 43. Ke3 Rf8 44. Ng3 c5 45. Ne2 Rf5 46. Rb3 cxd4+ 47. Nxd4 Rxe5+ 48. Kd3 Nc5+ 49. Kc2 Nxb3 0-1

[Event "Berlin Lichtenberger op 9th"]
[Site "Berlin"]
[Date "2010.08.07"]
[Round "1"]
[White "Hohn, August"]
[Black "Huebner, Alan Ari"]
[Result "1-0"]
[WhiteElo "2031"]
[BlackElo "1558"]
[PlyCount "73"]
[EventDate "2010.08.07"]
[EventType "swiss"]
[EventRounds "9"]
[EventCountry "GER"]
[SourceTitle "CBM 137 Extra"]
[Source "ChessBase"]
[SourceDate "2010.09.01"]
[SourceVersion "1"]
[SourceVersionDate "2010.09.01"]
[SourceQuality "1"]

1. c4 c5 2. Nc3 g6 3. d4 cxd4 4. Qxd4 Nf6 5. Bg5 Nc6 6. Qd2 Bg7 7. Rc1 0-0 8. Nf3 d6 9. g3 Bf5 10. Bg2 Qd7 11. Bh6 Bh3 12. 0-0 Bxg2 13. Kxg2 Rac8 14. h3 Rfd8 15. Rfd1 Nb4 16. Bxg7 Kxg7 17. b3 Na6 18. Qd4 b6 19. Nd5 Nc5 20. Nxf6 exf6 21. Qb2 Qe6 22. Rd4 Rd7 23. Rcd1 Rcd8 24. b4 Na6 25. R1d3 Rc7 26. Re3 Qd7 27. Rf4 Rdc8 28. b5 Nc5 29. Rxf6 Kg8 30. Ng5 Qd8 31. Ref3 Na4 32. Qa1 Qe8 33. Nxf7 Rxf7 34. Rxf7 Qxf7 35. Rxf7 Kxf7 36. Qd4 Rd8 37. e4 1-0

[Event "Berlin Lichtenberger op 9th"]
[Site "Berlin"]
[Date "2010.08.07"]
[Round "2"]
[White "Huebner, Alan Ari"]
[Black "Lang, Martin"]
[Result "0-1"]
[WhiteElo "1558"]
[BlackElo "1945"]
[PlyCount "94"]
[EventDate "2010.08.07"]
[EventType "swiss"]
[EventRounds "9"]
[EventCountry "GER"]
[SourceTitle "CBM 137 Extra"]
[Source "ChessBase"]
[SourceDate "2010.09.01"]
[SourceVersion "1"]
[SourceVersionDate "2010.09.01"]
[SourceQuality "1"]

1. d4 Nf6 2. c4 e6 3. Nc3 Bb4 4. e3 c5 5. a3 Bxc3+ 6. bxc3 d5 7. cxd5 exd5 8. Bd3 0-0 9. Ne2 c4 10. Bc2 Bg4 11. f3 Bh5 12. 0-0 Bg6 13. Ng3 Bxc2 14. Qxc2 Qc7 15. e4 h5 16. e5 h4 17. Nf5 Nh7 18. Nxh4 Nc6 19. f4 Ne7 20. Be3 Rfe8 21. Nf5 Nxf5 22. Qxf5 g6 23. Qh3 f5 24. Kh1 Re6 25. g4 Rf8 26. gxf5 Rxf5 27. Rg1 Qf7 28. Rab1 Kf8 29. Rb5 Rh5 30. Qg4 Re7 31. Qxg6 Nf6 32. Qxf7+ Kxf7 33. Kg2 Ng4 34. Kf3 Nxh2+ 35. Kg3 Ke6 36. Kf2 Rh4 37. Rg6+ Kf5 38. Rg5+ Ke4 39. Ke2 Ng4 40. Bd2 Reh7 41. f5 Rh2+ 42. Kd1 Kd3 43. Be1 Ne3+ 44. Kc1 Rc2+ 45. Kb1 Rh1 46. Ka1 Rc1+ 47. Ka2 Rhxe1 0-1

[Event "Berlin Lichtenberger op 8th"]
[Site "Berlin"]
[Date "2009.08.22"]
[Round "8"]
[White "Schoenemann, Manfred"]
[Black "Huebner, Alan Ari"]
[Result "1-0"]
[WhiteElo "1820"]
[BlackElo "1145"]
[PlyCount "145"]
[EventDate "2009.08.15"]
[EventType "swiss"]
[EventRounds "9"]
[EventCountry "GER"]
[SourceTitle "CBM 131 Extra"]
[Source "ChessBase"]
[SourceDate "2009.09.03"]
[SourceVersion "2"]
[SourceVersionDate "2009.09.16"]
[SourceQuality "1"]

1. d4 d5 2. c4 c6 3. e3 Nf6 4. Nf3 Bf5 5. Nc3 Nbd7 6. Nh4 Bg6 7. Nxg6 hxg6 8. Qb3 Qb6 9. Qc2 e5 10. dxe5 Nxe5 11. cxd5 cxd5 12. Bb5+ Nc6 13. 0-0 Bb4 14. Nxd5 Nxd5 15. Qe4+ Kf8 16. Qxd5 Rd8 17. Qc4 Bd6 18. h3 a6 19. Bxc6 bxc6 20. b3 Be5 21. Rb1 Qb5 22. Ba3+ Kg8 23. Rfc1 Bd6 24. Bb2 Qxc4 25. Rxc4 Rc8 26. Rd1 Be7 27. Rd7 Kf8 28. Bxg7+ Kxg7 29. Rxe7 Rhd8 30. Rf4 Rf8 31. Ra7 Ra8 32. Rb7 Rab8 33. Ra7 Ra8 34. Rfxf7+ Rxf7 35. Rxa8 Rd7 36. Rxa6 Rd1+ 37. Kh2 Rd2 38. Kg3 Rc2 39. b4 Rc4 40. a3 Kf7 41. h4 Kg7 42. f4 Rc3 43. Kf3 Kh6 44. g4 Rc4 45. Ra5 Rc1 46. Rc5 Rf1+ 47. Ke4 Ra1 48. Rxc6 Rxa3 49. h5 Ra4 50. Rxg6+ Kh7 51. Rb6 Ra1 52. Kf5 Rh1 53. e4 Rc1 54. g5 Rc4 55. Rb7+ Kg8 56. e5 Rc6 57. e6 Kf8 58. Kf6 Rc8 59. h6 Kg8 60. b5 Kh8 61. e7 Kg8 62. Rd7 Re8 63. Rd8 Kh7 64. g6+ Kxh6 65. Rxe8 Kh5 66. Rh8+ Kg4 67. e8Q Kxf4 68. Rh4+ Kg3 69. Qe4 Kf2 70. Rf4+ Kg3 71. Qf3+ Kh2 72. Rh4+ Kg1 73. Rh1# 1-0

[Event "Berlin Lichtenberger op 8th"]
[Site "Berlin"]
[Date "2009.08.20"]
[Round "6"]
[White "Huebner, Alan Ari"]
[Black "Glase, Johan"]
[Result "1-0"]
[WhiteElo "1145"]
[BlackElo "964"]
[PlyCount "119"]
[EventDate "2009.08.15"]
[EventType "swiss"]
[EventRounds "9"]
[EventCountry "GER"]
[SourceTitle "CBM 131 Extra"]
[Source "ChessBase"]
[SourceDate "2009.09.03"]
[SourceVersion "2"]
[SourceVersionDate "2009.09.16"]
[SourceQuality "1"]

1. d4 d5 2. c4 e6 3. Nc3 Nf6 4. Nf3 Bb4 5. e3 Ne4 6. Qc2 b6 7. a3 Bxc3+ 8. bxc3 c5 9. Bd3 Nf6 10. 0-0 0-0 11. Re1 Bb7 12. Rb1 Bc6 13. a4 Nbd7 14. Ba3 Re8 15. cxd5 Bxd5 16. c4 Bc6 17. e4 cxd4 18. Nxd4 Bb7 19. e5 Nxe5 20. Rxe5 Qxd4 21. Ree1 Qg4 22. f3 Qd4+ 23. Kf1 e5 24. Red1 Qe3 25. Bc1 Qc5 26. Re1 Qd4 27. Bb2 Qh4 28. Bxe5 Nd7 29. Bg3 Qh5 30. Rb5 Rxe1+ 31. Kxe1 Re8+ 32. Kf2 Ne5 33. Rxe5 Rxe5 34. Bxe5 Qxe5 35. Bxh7+ Kf8 36. Be4 Bxe4 37. Qxe4 Qxh2 38. Qa8+ Ke7 39. Qxa7+ Ke8 40. Qxb6 Qh4+ 41. Ke3 Qxc4 42. Qb5+ Qxb5 43. axb5 Kd7 44. Kd4 Kd6 45. b6 Kc6 46. Ke5 Kxb6 47. Kd6 f5 48. Ke5 g6 49. Kf6 g5 50. Kxg5 Kc5 51. Kxf5 Kd5 52. g4 Kd6 53. Kf6 Kd7 54. g5 Ke8 55. g6 Kf8 56. g7+ Kg8 57. f4 Kh7 58. Kf7 Kh6 59. g8Q Kh5 60. Qg5# 1-0